• 首页
  • 本馆介绍
  • 公告通知
  • 最新文献
  • 馆藏检索
  • 电子资源
  • 读者导购
  • 参考咨询
  • 我的图书馆
  • 登录
  • 详细信息显示
  • 放入我的书架
  • 预约/预借图书
  • 作者相关作品
  • 分类相关作品
  • 丛书相关作品
  • 出版社相关作品

书目信息

  • 表格格式
  • 工作单格式
  • 卡片格式
题名:
语文
    
 
作者: 李景华 , 王振堂 , 刘瑞玲 编
分册:  
出版信息: 北京   化学工业出版社  1982
页数: 291页
开本:
丛书名: 高等教育自学辅导丛书
单 册:
中图分类: G642.46
科图分类:
主题词: 教育--各级
电子资源:
ISBN:
000 00761nam0 2200265 45
001 0405100811
005 20071127084834.57
010    @dCNY1.20
091    @a7063.3387
100    @a20040510d1982 km y0chiy0120 ea
101 0  @achi
105    @a z 000yy
200 1  @a语文@AYu Wen@e古典文学@EGu Dian Wen Xue@f李景华,王振堂,刘瑞玲编@FLi Jing Hua,Wang Zhen Tang,Liu Rui Ling Bian
210    @a北京@c化学工业出版社@d1982
215    @a291页
225    @a高等教育自学辅导丛书
410    @12001 @a高等教育自学辅导丛书
517    @a古典文学@Agu dian wen xue
606 0  @a教育@x各级
690    @aG642.46@v3
701  0 @a李景华@4编
701  0 @a王振堂@4编
701  0 @a刘瑞玲@4编
801    @aCN@bPftUser@c20071127
905    @f1@b64155@dG642.46@e18
    
    语文:古典文学/李景华,王振堂,刘瑞玲编.-北京:化学工业出版社,1982
    291页.-(高等教育自学辅导丛书)
    
    
    ISBN :CNY1.20
    
●
相关链接 在E读中查询图书 在五车中查询图书 在当当中查询图书 在豆瓣中查询图书


正题名:语文     索取号:G642.46/18         预约/预借

序号 登录号 条形码 馆藏地/架位号 状态 备注
1 0014499   001768867   密集书库/ [索取号:G642.46/18] 在馆    
2 0064153   000290143   第四借阅区/ [索取号:G642.46/18] 在馆    
3 0064154   202173511   密集书库/ [索取号:G642.46/18] 在馆    
4 0064155   000290205   第四借阅区/ [索取号:G642.46/18] 在馆    
5 0064156   000290134   第四借阅区/ [索取号:G642.46/18] 在馆    
6 0064157   202158850   密集书库/ [索取号:G642.46/18] 在馆    
7 0085342   202383928   密集书库/ [索取号:G642.46/18] 在馆    
8 0085343   000824503   第四借阅区/ [索取号:G642.46/18] 在馆    
9 0085344   000824512   第四借阅区/ [索取号:G642.46/18] 在馆    
10 0085345   202383884   密集书库/ [索取号:G642.46/18] 在馆    
11 0085346   000824521   第一样本阅览室/ [索取号:G642.46/18] 在馆    
12 0178520   000290278   第四借阅区/ [索取号:G642.46/18] 在馆    
13 0178521   000290269   第四借阅区/ [索取号:G642.46/18] 在馆    
14 0178522   000290287   第四借阅区/ [索取号:G642.46/18] 在馆    
15 0216078   202383857   密集书库/ [索取号:G642.46/18] 在馆    
16 0216079   202383848   密集书库/ [索取号:G642.46/18] 在馆    
17 0216080   202383893   密集书库/ [索取号:G642.46/18] 在馆    
18 0216081   202383811   密集书库/ [索取号:G642.46/18] 在馆    
19 0434717   204347171   密集书库/ [索取号:G642.46/18] 在馆    
20 0434718   204347180   密集书库/ [索取号:G642.46/18] 在馆    
21 0434719   204347199   密集书库/ [索取号:G642.46/18] 在馆    
22 0434720   204347206   密集书库/ [索取号:G642.46/18] 在馆    
23 0435007   204350077   密集书库/ [索取号:G642.46/18] 在馆    
24 0435008   204350086   密集书库/ [索取号:G642.46/18] 在馆    
25 0435009   204350095   密集书库/ [索取号:G642.46/18] 在馆    
唐山师范学院图书馆 欢迎您!
大连网信软件有限公司© 版权所有